000 01853cam a22004937a 4500
001 000091370
003 CHAP
005 20220329142807.0
008 031023s2003 mx a r 00010 spa d
010 _a87839
011 _a88811
035 _a99356
040 _cCHAP
090 _aTesis
100 0 0 _aÁlvarez Cruz, Liliana.
_982400
245 1 0 _aProducción y comercialización de mezcal "Don Luis" de la S.P.R. Agave del Sur de San Luis Amatlán, Oaxaca /
_c/por Liliana Álvarez Cruz y Javier Bustamante Vázquez.
260 _aChapingo, Méx. :
_bEl autor,
_c2003.
300 _a109 h. ; :
_bilus. ; gráfs.
502 _aTesis (Ing. Agr. Esp. en Economía Agrícola) -- UACH. División de Ciencias Económico Administrativas
530 _aTambién disponible en línea
590 _aALEPH
_b10
_c20130110
_lUCH01
_h1456
590 _aBATCH-UPD
_b10
_c20130110
_lUCH01
_h0337
590 _aBATCH-UPD
_b10
_c20130110
_lUCH01
_h1822
590 _aBATCH-UPD
_b10
_c20130410
_lUCH01
_h0010
590 _aBATCH-UPD
_b10
_c20130410
_lUCH01
_h1639
590 _aBATCH-UPD
_b10
_c20130913
_lUCH01
_h2001
590 _aBATCH-UPD
_b10
_c20140324
_lUCH01
_h1441
590 _aBATCH-UPD
_b10
_c20141002
_lUCH01
_h0820
590 _aBATCH
_b00
_c20181121
_lUCH01
_h0758
590 _aCONVERSION
_b10
_c20130109
_lUCH01
_h1349
590 _aE11695DGD
_b10
_c20141003
_lUCH01
_h1457
650 1 4 _aAgave mezcalero.
_91105
650 1 4 _aMezcal.
_975353
650 1 4 _aMezcal
_xMercadeo.
_975357
700 0 _aBustamante Vázquez, Javier.
_916384
856 _3Finding aid
_uhttp://10.13.5.2/tesis/99356.pdf
_zTeclea aquí
856 _a1
_n0000278
901 _aBK
905 _aMayto Villalobos S.
942 _cFOLL
942 _n0
949 _aTesis
_bBC
_cTES
_d33724000892584
_eTS2
_fc.2
_h41412
_i99356
_si
949 _aTesis
_bBC
_cTES
_d99356123
_eTS1
_h41411
_i99356
_sb
999 _c87839
_d87839